000 00549nam a2200169 4500
001 144894
003 ES-MaACL
005 20230906201124.0
007 t|
008 070214s1971 sp r ||||1| spa d
100 0 _aSmith, C. U. M (
_qChristopher Upham Murray)
_9106854
245 1 0 _aBiología molecular
_b: enfoque estructural /
_cC. U. M. Smith ; versión... Elena Arnedo.
260 _aMadrid :
_bAlianza,
_c1971 (
_fCastilla)
300 _a448 p. :
_bil. ;
_c20 cm.
700 1 _aArnedo, Elena.
_923083
852 _aES-MaACL
_jC-39148
_bR.79665
999 _c144894
_d144894